000 00758nam a2200217 a 4500
001 000011029
005 20240412074222.0
008 091013s19uu dr 000 p spa d
040 _aDO-SdBNP
_bspa
_cBNPHU
082 _aRD861.44
_bS211v
100 1 _aSánchez, Pablo Celso,
_d1961-
_926472
245 1 3 _aLa venus viajera /
_cPablo Celso Sánchez.
260 _aSanto Domingo :
_bAmigo del Hogar,
_c[199_?].
300 _a56 p. ;
_c22 cm.
500 _aIncluye datos biográficos del autor en la contracubierta.
590 _aInventariado, 2019 / DG
600 1 4 _aSÁNCHEZ, PABLO CELSO,
_d1961-
_cCRÍTICA Y INTERPRETACIÓN
_926473
650 0 _aPoesía dominicana
_966
650 0 _aLiteratura dominicana.
_967
910 _aValidado. Control de calidad MFF
999 _c10767
_d10767